| 000 | 01041cam a22003377a 4500 | ||
|---|---|---|---|
| 003 | CHAP | ||
| 005 | 20220817044401.0 | ||
| 008 | 101020s2007 it rn 00110 spa d | ||
| 010 | _a99475 | ||
| 011 | _a100447 | ||
| 022 | _a0251-1894 | ||
| 035 | _a111133 | ||
| 040 | _cCHAP | ||
| 082 | 0 | 4 |
_a333 _bF31y 2007/1 |
| 110 | 1 | _aFAO | |
| 245 | 1 | 0 |
_aReforma agraria : _bcolonización y cooperativas _c/editado por P. Groppo |
| 260 |
_aRoma : _bFAO, _c2007 |
||
| 300 |
_a110 p. : _bilus. |
||
| 500 | _aTrilingue: (Ingles, francés, español) | ||
| 590 |
_aBATCH-UPD _b10 _c20130110 _lUCH01 _h1900 |
||
| 590 |
_aBATCH-UPD _b10 _c20130410 _lUCH01 _h1228 |
||
| 590 |
_aBATCH-UPD _b10 _c20130914 _lUCH01 _h1011 |
||
| 590 |
_aCONVERSION _b10 _c20130109 _lUCH01 _h1355 |
||
| 650 | 1 | 4 |
_aColonización agrícola. _925386 |
| 650 | 1 | 4 |
_aReforma agraria. _995517 |
| 650 | 1 | 4 |
_aTierras _xTenencia. _9113130 |
| 700 | 0 |
_aGroppo, P. _e, ed. _950790 |
|
| 901 | _aBK | ||
| 942 | _cLIBRO | ||
| 949 |
_a333 F31y 2007/1 _bBC _cFAO _d33724002072595 _eFAO1 _h113580 _i111133 _sb |
||
| 999 |
_c99475 _d99475 |
||